[Event "RUS-ch Higher League 77th"]
[Site "Lipetsk"]
[Date "2025.06.26"]
[Round "1"]
[White "Kazmin, Semen"]
[Black "Pingin, Artem"]
[Result "1-0"]
[WhiteElo "2202"]
[BlackElo "2463"]
[PlyCount "85"]
[EventDate "2025.06.26"]
[EventType "swiss"]
[EventRounds "9"]
[EventCountry "RUS"]
[SourceTitle "CB28_2025"]
[SourceDate "2025.07.09"]
[SourceVersion "1"]
[SourceVersionDate "2025.07.09"]
[SourceQuality "1"]

1. e4 c5 2. Nf3 Nc6 3. d4 cxd4 4. Nxd4 e5 5. Nb5 d6 6. N1c3 a6 7. Na3 Be7 8. Nc4 b5 9. Ne3 Nf6 10. Bd3 Nb4 11. Be2 Be6 12. a3 Nc6 13. 0-0 0-0 14. Bd3 Nd7 15. Ncd5 Bg5 16. c3 Rb8 17. a4 bxa4 18. Rxa4 a5 19. Bc2 Nc5 20. Ra3 Kh8 21. g3 g6 22. f4 exf4 23. gxf4 Bh6 24. Qe1 f5 25. exf5 gxf5 26. b4 Ne4 27. Bb2 Bg7 28. Ba1 axb4 29. cxb4 Rb7 30. Bxg7+ Rxg7+ 31. Kh1 Nd4 32. Bxe4 fxe4 33. Qa1 Nf3 34. Ra7 Bd7 35. Rf2 Kg8 36. Rg2 Rxg2 37. Nxg2 h6 38. b5 Kh7 39. b6 Rf7 40. Ra8 Bc8 41. Qc1 Qg8 42. Qxc8 Qg7 43. b7 1-0

[Event "Asia-ch"]
[Site "Al Ain"]
[Date "2025.05.07"]
[Round "1"]
[White "Saif, Ahmed"]
[Black "Pingin, Artem"]
[Result "0-1"]
[WhiteElo "2053"]
[BlackElo "2464"]
[PlyCount "66"]
[EventDate "2025.05.07"]
[EventType "swiss"]
[EventRounds "9"]
[EventCountry "UAE"]
[SourceTitle "CB21_2025"]
[SourceDate "2025.05.21"]
[SourceVersion "1"]
[SourceVersionDate "2025.05.21"]
[SourceQuality "1"]

1. e4 c5 2. Nf3 d6 3. d4 cxd4 4. Nxd4 Nf6 5. Nc3 a6 6. Bg5 e6 7. Qf3 Nbd7 8. 0-0-0 Qc7 9. Bd3 h6 10. Bxf6 Nxf6 11. Qg3 Bd7 12. f4 0-0-0 13. Rhe1 Be8 14. Kb1 Kb8 15. Qf3 Be7 16. g4 Nd7 17. Bf1 g5 18. Nf5 Bf8 19. Ng3 gxf4 20. Qxf4 Ne5 21. Nh5 Be7 22. Nf6 Rc8 23. Bd3 Qd8 24. Nxe8 Rxe8 25. h3 Bg5 26. Qf1 Rxc3 27. bxc3 Qb6+ 28. Ka1 Qa5 29. Qf2 Qxc3+ 30. Kb1 Rc8 31. Qb6 Rc6 32. Qb2 Qc5 33. Ka1 Rb6 0-1

[Event "RUS-chT 32nd"]
[Site "Sochi"]
[Date "2025.04.26"]
[Round "1.1"]
[White "Najer, Evgeniy"]
[Black "Pingin, Artem"]
[Result "1/2-1/2"]
[WhiteElo "2623"]
[BlackElo "2466"]
[PlyCount "100"]
[EventDate "2025.04.26"]
[EventType "team-swiss"]
[EventRounds "9"]
[EventCountry "RUS"]
[SourceTitle "CB19_2025"]
[SourceDate "2025.05.07"]
[SourceVersion "1"]
[SourceVersionDate "2025.05.07"]
[SourceQuality "1"]
[WhiteTeam "Moscow Sbornaya"]
[BlackTeam "Sverdlovsk Region Sima Lend"]
[WhiteTeamCountry "RUS"]
[BlackTeamCountry "RUS"]

1. e4 c5 2. Nf3 Nc6 3. Nc3 g6 4. Bb5 Bg7 5. d3 Nd4 6. Bc4 e6 7. Nxd4 cxd4 8. Ne2 Ne7 9. Bb3 d5 10. 0-0 0-0 11. Bg5 dxe4 12. dxe4 h6 13. Bd2 b6 14. Nf4 a5 15. a4 Ba6 16. Re1 Kh7 17. Qf3 Rc8 18. Qh3 Bc4 19. Rad1 Qc7 20. Rc1 Qb7 21. e5 Nd5 22. Qf3 Bxb3 23. cxb3 Rxc1 24. Rxc1 Rc8 25. Rc4 Bxe5 26. Nxd5 exd5 27. Rxc8 Qxc8 28. Qxf7+ Bg7 29. h3 Qc2 30. Bf4 Qe2 31. f3 d3 32. Qxd5 g5 33. Qf5+ Kg8 34. Qd5+ Kh8 35. Bd2 Qxd2 36. Qa8+ Kh7 37. Qe4+ Kg8 38. Qe8+ Bf8 39. Qe6+ Kg7 40. Qe5+ Kf7 41. Qf5+ Ke8 42. Qb5+ Kd8 43. Qd5+ Ke7 44. Qe5+ Kd7 45. Qf5+ Kc7 46. Qf7+ Kc6 47. Qe8+ Kd5 48. Qf7+ Ke5 49. Qe8+ Kd5 50. Qf7+ Ke5 1/2-1/2

[Event "RUS-ch U20"]
[Site "Barnaul"]
[Date "2025.03.27"]
[Round "6"]
[White "Ponomarev, Grigori"]
[Black "Pingin, Artem"]
[Result "1/2-1/2"]
[WhiteElo "2355"]
[BlackElo "2432"]
[PlyCount "96"]
[EventDate "2025.03.22"]
[EventType "tourn"]
[EventRounds "9"]
[EventCountry "RUS"]
[EventCategory "6"]
[SourceTitle "CB14_2025"]
[SourceDate "2024.11.01"]
[SourceVersion "1"]
[SourceVersionDate "2024.11.01"]
[SourceQuality "1"]

1. d4 Nf6 2. Nf3 e6 3. e3 b6 4. Bd3 Bb7 5. 0-0 c5 6. c4 Be7 7. Nc3 cxd4 8. exd4 0-0 9. Qe2 d6 10. Re1 Re8 11. b3 Nbd7 12. Bb2 Bf8 13. Rac1 a6 14. Ne4 Qb8 15. Ng3 Qa7 16. Ne5 Rad8 17. Nxd7 Nxd7 18. a4 Qa8 19. Qc2 g6 20. Be4 d5 21. Bf3 Bh6 22. Rcd1 a5 23. Nf1 Rc8 24. Ne3 Bg7 25. Rc1 Nb8 26. Qb1 Na6 27. cxd5 Rxc1 28. Qxc1 exd5 29. g3 Nb4 30. Qd2 Qd8 31. Bc3 Bf8 32. Ng4 Rxe1+ 33. Qxe1 h5 34. Qe8 Qxe8 35. Nf6+ Kh8 36. Nxe8 Bc6 37. Nc7 Bd6 38. Bxb4 Bxc7 39. Bc3 Kg7 40. Kf1 Kf6 41. Ke2 Ke6 42. h4 f5 43. Bg2 f4 44. Bh3+ Kf7 45. gxf4 Bxf4 46. Bd2 Bxd2 47. Kxd2 Kf6 48. f4 Bb7 1/2-1/2

[Event "Moscow Ivi GP op"]
[Site "Moscow"]
[Date "2025.03.13"]
[Round "9"]
[White "Shubin, Kirill"]
[Black "Pingin, Artem"]
[Result "1/2-1/2"]
[WhiteElo "2455"]
[BlackElo "2432"]
[PlyCount "42"]
[EventDate "2025.03.08"]
[EventType "swiss"]
[EventRounds "10"]
[EventCountry "RUS"]
[SourceTitle "CB12_2025"]
[SourceDate "2025.03.19"]
[SourceVersion "1"]
[SourceVersionDate "2025.03.19"]
[SourceQuality "1"]

1. e4 c5 2. Nf3 Nc6 3. Bb5 e6 4. 0-0 Nge7 5. Re1 Nd4 6. Nxd4 cxd4 7. c3 a6 8. Bf1 Nc6 9. b4 Bd6 10. Bb2 dxc3 11. dxc3 Qc7 12. g3 0-0 13. Nd2 b5 14. a3 Bb7 15. c4 Be5 16. Bxe5 Nxe5 17. Rc1 Qb8 18. c5 d6 19. f4 Nc6 20. cxd6 Qxd6 21. Nb3 Qe7 1/2-1/2

[Event "Moscow Ivi GP op"]
[Site "Moscow"]
[Date "2025.03.10"]
[Round "5"]
[White "Afanasiev, Nikita"]
[Black "Pingin, Artem"]
[Result "1/2-1/2"]
[WhiteElo "2518"]
[BlackElo "2432"]
[PlyCount "49"]
[EventDate "2025.03.08"]
[EventType "swiss"]
[EventRounds "10"]
[EventCountry "RUS"]
[SourceTitle "CB12_2025"]
[SourceDate "2025.03.19"]
[SourceVersion "1"]
[SourceVersionDate "2025.03.19"]
[SourceQuality "1"]

1. e4 c5 2. Nf3 d6 3. d4 Nf6 4. Bb5+ Bd7 5. Bxd7+ Qxd7 6. e5 dxe5 7. dxe5 Qxd1+ 8. Kxd1 Ng4 9. Ke2 Nc6 10. Bf4 g5 11. Bxg5 Ngxe5 12. Nxe5 Nxe5 13. Bf4 Nc6 14. c3 e5 15. Be3 Rg8 16. g3 0-0-0 17. Nd2 f5 18. Rad1 Be7 19. f3 h5 20. Bf2 b5 21. Rhe1 c4 22. Nf1 Bg5 23. Be3 Be7 24. Bf2 Bg5 25. Be3 1/2-1/2

[Event "Moscow Ivi GP op"]
[Site "Moscow"]
[Date "2025.03.09"]
[Round "3"]
[White "Shogdzhiev, Roman Sav"]
[Black "Pingin, Artem"]
[Result "0-1"]
[WhiteElo "2348"]
[BlackElo "2432"]
[PlyCount "170"]
[EventDate "2025.03.08"]
[EventType "swiss"]
[EventRounds "10"]
[EventCountry "RUS"]
[SourceTitle "CB12_2025"]
[SourceDate "2025.03.19"]
[SourceVersion "1"]
[SourceVersionDate "2025.03.19"]
[SourceQuality "1"]

1. e4 c5 2. Nf3 Nc6 3. Bb5 e6 4. Bxc6 bxc6 5. d3 Qc7 6. Nc3 Ne7 7. 0-0 Ng6 8. Ne2 d5 9. b3 Bd6 10. Bb2 0-0 11. Ng3 Rd8 12. Re1 e5 13. h3 f6 14. Nh2 Be6 15. Nhf1 a5 16. Ne3 a4 17. Nef5 Bf8 18. Qf3 Kh8 19. Nh5 Qd7 20. g4 Ra7 21. Rab1 axb3 22. axb3 Ra2 23. Kh2 Rb8 24. Re2 c4 25. dxc4 dxc4 26. Bc3 cxb3 27. cxb3 Rxe2 28. Qxe2 Rxb3 29. Rxb3 Bxb3 30. Qb2 Bg8 31. Qb6 c5 32. Qa6 Qe6 33. Qd3 Qc4 34. Qe3 Bf7 35. Ba5 Qa4 36. Bd8 Qd7 37. Ba5 Be6 38. Qc3 Qa4 39. Qe1 Bd7 40. Bc7 Bc6 41. f3 Qa2+ 42. Kg3 Qe6 43. Ba5 Nf4 44. Qd2 Nxh5+ 45. gxh5 Bd7 46. Bc7 g6 47. hxg6 hxg6 48. Bd6 gxf5 49. Bxf8 f4+ 50. Kf2 Qxh3 51. Kg1 c4 52. Bb4 Qg3+ 53. Qg2 Qxg2+ 54. Kxg2 Kg7 55. Kf2 Kf7 56. Ke2 Ke6 57. Bc3 Ba4 58. Bb4 Bc2 59. Ba5 Bd3+ 60. Kd2 f5 61. exf5+ Kxf5 62. Bb6 e4 63. fxe4+ Kxe4 64. Bc7 Bf1 65. Bd6 Kf3 66. Bb8 Bh3 67. Bc7 Be6 68. Be5 Bd5 69. Bd6 Kg4 70. Be5 Kf5 71. Bd4 Ke4 72. Ba7 Be6 73. Bb6 f3 74. Bf2 Kf4 75. Be1 Bf5 76. Kc3 Be6 77. Kd4 Bf7 78. Bf2 Kg4 79. Ke3 Bg6 80. Be1 Bd3 81. Bf2 Bf1 82. Be1 Be2 83. Bc3 Kg3 84. Bd4 Kg2 85. Bc5 f2 0-1

[Event "RUS Cup final"]
[Site "Khanty-Mansiysk"]
[Date "2024.12.12"]
[Round "1.2"]
[White "Pingin, Artem"]
[Black "Afanasiev, Nikita"]
[Result "1-0"]
[WhiteElo "2429"]
[BlackElo "2531"]
[PlyCount "105"]
[EventDate "2024.12.11"]
[EventType "k.o."]
[EventRounds "4"]
[EventCountry "RUS"]
[SourceTitle "CB52_2024"]
[SourceDate "2024.12.25"]
[SourceVersion "1"]
[SourceVersionDate "2024.12.25"]
[SourceQuality "1"]

1. e4 e6 2. d4 d5 3. e5 c5 4. c3 Nc6 5. Nf3 Bd7 6. Be2 Nge7 7. 0-0 Nf5 8. dxc5 Bxc5 9. b4 Bb6 10. Bd3 Nh4 11. Nbd2 Ng6 12. Re1 f6 13. exf6 gxf6 14. c4 Nxb4 15. Bxg6+ hxg6 16. Ba3 Bxf2+ 17. Kxf2 Nd3+ 18. Kf1 Nxe1 19. Qxe1 Rc8 20. Kg1 Kf7 21. cxd5 Rc3 22. Nb3 Qb6+ 23. Kh1 Qe3 24. Qg3 e5 25. Re1 Qd3 26. Bb2 Rh3 27. Nxe5+ fxe5 28. Qf2+ Qf5 29. Qxf5+ Bxf5 30. gxh3 Rd3 31. Bxe5 Rxd5 32. Re3 Bxh3 33. Rxh3 Rxe5 34. Rh7+ Kf6 35. Rxb7 Re1+ 36. Kg2 Re2+ 37. Kg3 Rxa2 38. Nd4 Ra4 39. Nf3 Ra3 40. h4 Ra4 41. Ng5 Kf5 42. Rb5+ Kf6 43. Nh3 Ra3+ 44. Kg4 Ra1 45. Rc5 Ra6 46. Nf4 Rd6 47. Rc7 Ra6 48. Rd7 Ra1 49. Rd6+ Ke7 50. Rxg6 Rg1+ 51. Kf5 Rxg6 52. Nxg6+ Kf7 53. h5 1-0

[Event "RUS Cup final"]
[Site "Khanty-Mansiysk"]
[Date "2024.12.12"]
[Round "1.3"]
[White "Pingin, Artem"]
[Black "Afanasiev, Nikita"]
[Result "1/2-1/2"]
[WhiteElo "2429"]
[BlackElo "2531"]
[PlyCount "101"]
[EventDate "2024.12.11"]
[EventType "k.o."]
[EventRounds "4"]
[EventCountry "RUS"]
[SourceTitle "CB52_2024"]
[SourceDate "2024.12.25"]
[SourceVersion "1"]
[SourceVersionDate "2024.12.25"]
[SourceQuality "1"]

1. e4 g6 2. d4 Bg7 3. Nf3 d6 4. Be2 a6 5. c4 c5 6. 0-0 Nf6 7. Nc3 0-0 8. Be3 Ng4 9. Bg5 Nc6 10. d5 Nd4 11. Nxd4 cxd4 12. Bxg4 dxc3 13. bxc3 Bxc3 14. Rc1 Bf6 15. Bxf6 exf6 16. c5 Re8 17. Bf3 dxc5 18. Rxc5 f5 19. exf5 Bxf5 20. d6 Qb6 21. Rd5 Rad8 22. Qd4 Qxd4 23. Rxd4 Rd7 24. h3 Kg7 25. a4 h5 26. Rfd1 Kf6 27. Rb4 Red8 28. Rb6 Bc2 29. Rd4 Ke5 30. Rd5+ Ke6 31. Rd2 Bxa4 32. Bd5+ Kf6 33. Bxb7 Rb8 34. Rxa6 Rbxb7 35. Rxa4 Rb6 36. Rf4+ Ke5 37. g3 Rbxd6 38. Re2+ Kd5 39. Kg2 Rc7 40. h4 Re6 41. Rd2+ Ke5 42. Rf3 f5 43. Rd8 Kf6 44. Rfd3 Rc2 45. R8d6 Rxd6 46. Rxd6+ Kf7 47. Kf3 Rc4 48. Ra6 Rb4 49. Ke3 Re4+ 50. Kf3 Rb4 51. Ra7+ 1/2-1/2

[Event "Tashkent President op 3rd"]
[Site "Tashkent"]
[Date "2024.11.27"]
[Round "7"]
[White "Pingin, Artem"]
[Black "Bernadskiy, Vitaliy"]
[Result "1/2-1/2"]
[WhiteElo "2447"]
[BlackElo "2543"]
[PlyCount "35"]
[EventDate "2024.11.21"]
[EventType "swiss"]
[EventRounds "9"]
[EventCountry "UZB"]
[SourceTitle "CB49_2024"]
[SourceDate "2024.12.04"]
[SourceVersion "1"]
[SourceVersionDate "2024.12.04"]
[SourceQuality "1"]

1. d4 Nf6 2. c4 e6 3. Nf3 b6 4. g3 Bb4+ 5. Bd2 Bxd2+ 6. Qxd2 c6 7. Qc2 d5 8. Nbd2 Bb7 9. Bg2 0-0 10. 0-0 Nbd7 11. e4 dxe4 12. Nxe4 c5 13. Nd6 Bc6 14. Rad1 Qc7 15. Nb5 Qb7 16. Nd6 Qc7 17. Nb5 Qb7 18. Nd6 1/2-1/2

[Event "Tashkent President op 3rd"]
[Site "Tashkent"]
[Date "2024.11.25"]
[Round "5"]
[White "Pingin, Artem"]
[Black "Kurmangaliyeva, Liya"]
[Result "1-0"]
[WhiteElo "2447"]
[BlackElo "2324"]
[PlyCount "85"]
[EventDate "2024.11.21"]
[EventType "swiss"]
[EventRounds "9"]
[EventCountry "UZB"]
[SourceTitle "CB49_2024"]
[SourceDate "2024.12.04"]
[SourceVersion "1"]
[SourceVersionDate "2024.12.04"]
[SourceQuality "1"]

1. Nf3 d5 2. g3 Nf6 3. Bg2 e6 4. c4 Be7 5. d4 0-0 6. Nc3 a5 7. 0-0 dxc4 8. e3 Nbd7 9. Qe2 Nb6 10. Rd1 Nfd5 11. Ne5 Bd7 12. Rb1 Qe8 13. Bd2 Nxc3 14. Bxc3 Ba4 15. Rdc1 c6 16. Qe1 Bd6 17. Bxa5 Bxe5 18. dxe5 Nd7 19. Bc7 Qc8 20. Bd6 Re8 21. Rxc4 Bb5 22. Rh4 Rxa2 23. Be4 g6 24. Qd1 Qa8 25. Qf3 Ra1 26. Rxh7 Rf8 27. Bxf8 Rxb1+ 28. Bxb1 Qxf8 29. Rh4 Qc5 30. Qd1 Kg7 31. Be4 Nxe5 32. Bg2 Bd3 33. Rd4 Qb5 34. Qd2 Qa6 35. h3 Be2 36. Qc3 f6 37. e4 Qa1+ 38. Kh2 Nf7 39. Rd7 Qa6 40. Qb4 e5 41. Qxb7 Qc4 42. b3 Qe6 43. Re7 1-0

[Event "Khanty-Mansiysk Governor Cup 20th"]
[Site "Khanty-Mansiysk"]
[Date "2024.11.05"]
[Round "1"]
[White "Levchenko, Leonid"]
[Black "Pingin, Artem"]
[Result "0-1"]
[WhiteElo "2016"]
[BlackElo "2447"]
[PlyCount "98"]
[EventDate "2024.11.05"]
[EventType "swiss"]
[EventRounds "9"]
[EventCountry "RUS"]
[SourceTitle "CB47_2024"]
[SourceDate "2024.11.20"]
[SourceVersion "1"]
[SourceVersionDate "2024.11.20"]
[SourceQuality "1"]

1. d4 Nf6 2. c4 e6 3. Nf3 d5 4. g3 Bb4+ 5. Bd2 Be7 6. Bg2 0-0 7. 0-0 c6 8. Qc2 Nbd7 9. Bf4 a5 10. Rd1 b6 11. Ne5 Nxe5 12. dxe5 Nd7 13. Nc3 Ba6 14. cxd5 cxd5 15. e4 d4 16. Rxd4 Qc7 17. Rc1 Rac8 18. Qd1 Nc5 19. Bf1 Bxf1 20. Qxf1 g5 21. Be3 Qxe5 22. Qb5 Rb8 23. a3 Qg7 24. Rcd1 h6 25. Rc4 Bf6 26. Rd6 Be5 27. Rxb6 Nd3 28. Rcc6 Rbd8 29. Rb7 Qg6 30. Qa4 Ne1 31. Nd5 Qh5 32. Ne7+ Kh7 33. Rc1 Nf3+ 34. Kf1 Nxh2+ 35. Ke1 Nf3+ 36. Kf1 Nd2+ 37. Kg1 Nf3+ 38. Kg2 Qg4 39. Qc2 Nh4+ 40. Kh2 Qf3 41. Rg1 Qh5 42. Rh1 Qf3 43. Rg1 Qh5 44. Rh1 Bxg3+ 45. fxg3 Nf5+ 46. Kg2 Nxe3+ 47. Kf2 Qxh1 48. Kxe3 Qe1+ 49. Kf3 Rd2 0-1

[Event "Chigorin Memorial 31st"]
[Site "St Petersburg"]
[Date "2024.10.29"]
[Round "4"]
[White "Erokhin, Artem"]
[Black "Pingin, Artem"]
[Result "0-1"]
[WhiteElo "1935"]
[BlackElo "2455"]
[PlyCount "84"]
[EventDate "2024.10.26"]
[EventType "swiss"]
[EventRounds "9"]
[EventCountry "RUS"]
[SourceTitle "CB45_2024"]
[Source "ChessBase"]
[SourceDate "2024.11.06"]
[SourceVersion "1"]
[SourceVersionDate "2024.11.06"]
[SourceQuality "1"]

1. e4 c5 2. Nf3 d6 3. d4 cxd4 4. Nxd4 Nf6 5. Nc3 g6 6. f3 Bg7 7. Be3 h5 8. Bc4 a6 9. a3 b5 10. Ba2 Nbd7 11. Qd2 Bb7 12. 0-0 Rc8 13. Rad1 Ne5 14. Nd5 Nc4 15. Bxc4 Rxc4 16. Nxf6+ Bxf6 17. c3 0-0 18. Ne2 a5 19. Bd4 e5 20. Be3 Be7 21. Bh6 Re8 22. Be3 Qa8 23. Bf2 Kh7 24. Qe3 Bf8 25. Qg5 Re6 26. Be3 Qe8 27. g4 hxg4 28. Qxg4 Kg8 29. Qg2 Qa8 30. Ng3 d5 31. exd5 Bxd5 32. Rd2 b4 33. axb4 axb4 34. cxb4 Bxb4 35. Rd3 Rc8 36. b3 Bc6 37. Ne4 Bb5 38. Rdd1 Bxf1 39. Rxf1 Be7 40. Bg5 Qa7+ 41. Kh1 Rec6 42. Qh3 f5 0-1

[Event "Chigorin Memorial Blitz 31st"]
[Site "St Petersburg"]
[Date "2024.10.25"]
[Round "8"]
[White "Pingin, Artem"]
[Black "Iudina, Veronika"]
[Result "1/2-1/2"]
[WhiteElo "2455"]
[BlackElo "1932"]
[PlyCount "128"]
[EventDate "2024.10.25"]
[EventType "swiss (blitz)"]
[EventRounds "11"]
[EventCountry "RUS"]
[SourceTitle "CB44_2024"]
[Source "Chessbase"]
[SourceDate "2024.10.30"]
[SourceVersion "1"]
[SourceVersionDate "2024.10.30"]
[SourceQuality "1"]

1. e4 e5 2. Nf3 Nc6 3. Bb5 a6 4. Ba4 Nf6 5. 0-0 b5 6. Bb3 Bc5 7. c3 d6 8. d4 Bb6 9. Be3 0-0 10. Nbd2 Bg4 11. h3 Bh5 12. Qc2 Qe7 13. Rfe1 Na5 14. Nh4 Nxb3 15. Nf5 Qd7 16. axb3 Bg6 17. dxe5 dxe5 18. Nf3 Bxf5 19. exf5 e4 20. Nh4 Bxe3 21. Rxe3 Rfe8 22. b4 Qe7 23. Rae1 Qd6 24. Rd1 Qb6 25. g4 h6 26. Ng2 Rad8 27. Ree1 c5 28. bxc5 Qxc5 29. Rxd8 Rxd8 30. Rd1 Rxd1+ 31. Qxd1 Nd5 32. Qe2 Qe7 33. Qd2 Qe5 34. Qd1 Kh7 35. Qe1 a5 36. Qa1 a4 37. Qf1 e3 38. fxe3 Nxe3 39. Qe2 Nc4 40. Qxe5 Nxe5 41. Ne3 Nd3 42. Nd1 b4 43. cxb4 Nxb2 44. Nc3 Nd3 45. b5 a3 46. b6 Nc5 47. Kf2 Kg8 48. Ke3 Kf8 49. Kd4 Nb7 50. Kd5 Ke7 51. Kc6 Na5+ 52. Kb5 Nb7 53. Kc6 Na5+ 54. Kb5 Nb7 55. Kc6 Na5+ 56. Kc7 g6 57. fxg6 fxg6 58. b7 Nxb7 59. Kxb7 Kf6 60. Kc6 h5 61. gxh5 gxh5 62. Kd5 Kg5 63. Ke4 Kh4 64. Kf3 Kxh3 1/2-1/2

[Event "RUS-chT Blitz"]
[Site "Sochi"]
[Date "2024.10.17"]
[Round "11.19"]
[White "Vastrukhin, Oleg"]
[Black "Pingin, Artem"]
[Result "1/2-1/2"]
[WhiteElo "2333"]
[BlackElo "2455"]
[PlyCount "208"]
[EventDate "2024.10.17"]
[EventType "team-swiss (blitz)"]
[EventRounds "11"]
[EventCountry "RUS"]
[SourceTitle "CB43_2024"]
[Source "Chessbase"]
[SourceDate "2024.10.23"]
[SourceVersion "1"]
[SourceVersionDate "2024.10.23"]
[SourceQuality "1"]
[WhiteTeam "Krasnodar Kuban"]
[BlackTeam "Sverdlovsk Sima Lend"]
[WhiteTeamCountry "RUS"]
[BlackTeamCountry "RUS"]

1. Nf3 d5 2. g3 Nf6 3. Bg2 c5 4. 0-0 e6 5. d3 Be7 6. e4 Nc6 7. Bf4 0-0 8. Ne5 Bd7 9. Nc3 Nxe5 10. Bxe5 Bc6 11. exd5 Nxd5 12. Re1 Nxc3 13. Bxc3 Bxg2 14. Kxg2 Bf6 15. Qf3 b6 16. a4 Rb8 17. Re4 Bxc3 18. bxc3 a6 19. h4 b5 20. axb5 axb5 21. Re5 Qd6 22. Qe3 Rfc8 23. Ra7 Qc6+ 24. Qf3 Qxf3+ 25. Kxf3 b4 26. c4 g6 27. Ra5 b3 28. cxb3 Rxb3 29. Rexc5 Rxd3+ 30. Ke2 Rcd8 31. Rc7 Rd2+ 32. Kf3 Rc2 33. Ke3 Rdd2 34. f3 Re2+ 35. Kf4 Rc3 36. Ra8+ Kg7 37. Raa7 e5+ 38. Kg4 h5+ 39. Kh3 Rxf3 40. Ra1 Rff2 41. Rh1 Rc2 42. Re7 Rfe2 43. Rc7 e4 44. c5 e3 45. c6 Rf2 46. Re7 e2 47. c7 Rf1 48. Kg2 Rxh1 49. Kxh1 Rxc7 50. Rxe2 Rc3 51. Kg2 Kf6 52. Rf2+ Kg7 53. Re2 Rb3 54. Rd2 Rb6 55. Re2 Kf6 56. Rf2+ Ke7 57. Re2+ Re6 58. Rd2 Re5 59. Rc2 Kf6 60. Rf2+ Rf5 61. Re2 Rd5 62. Rf2+ Ke6 63. Re2+ Re5 64. Ra2 f6 65. Rf2 Re3 66. Ra2 Kf5 67. Rf2+ Ke5 68. Ra2 Rd3 69. Re2+ Kd6 70. Rf2 Ke6 71. Re2+ Kf7 72. Ra2 Rd5 73. Re2 Re5 74. Rf2 Ke6 75. Rb2 Re4 76. Rf2 Ke5 77. Rb2 Kf5 78. Rf2+ Ke6 79. Rb2 Rd4 80. Re2+ Kf5 81. Rf2+ Ke5 82. Re2+ Re4 83. Rb2 Ke6 84. Rf2 Re3 85. Rb2 g5 86. hxg5 fxg5 87. Rb5 Re5 88. Rb8 Kf5 89. Kh3 Rd5 90. Rf8+ Kg6 91. Rg8+ Kf6 92. Rf8+ Kg7 93. Rb8 Rd2 94. Rb7+ Kf6 95. Rb6+ Kf5 96. Rb5+ Kf6 97. Rb6+ Ke5 98. Rb5+ Rd5 99. Rb8 Kf6 100. Rh8 Kg6 101. Rg8+ Kh6 102. Rh8+ Kg6 103. Rg8+ Kf6 104. Rh8 Kg6 1/2-1/2

[Event "RUS-ch Rapid"]
[Site "Sochi"]
[Date "2024.10.16"]
[Round "11"]
[White "Goltsev, Dmitry"]
[Black "Pingin, Artem"]
[Result "1-0"]
[WhiteElo "2215"]
[BlackElo "2455"]
[PlyCount "78"]
[EventDate "2024.10.15"]
[EventType "swiss (rapid)"]
[EventRounds "11"]
[EventCountry "RUS"]
[SourceTitle "CB43_2024"]
[Source "Chessbase"]
[SourceDate "2024.10.23"]
[SourceVersion "1"]
[SourceVersionDate "2024.10.23"]
[SourceQuality "1"]

1. e4 c5 2. Nf3 Nc6 3. d4 cxd4 4. Nxd4 e5 5. Nf5 d5 6. Qxd5 Qxd5 7. exd5 Bxf5 8. dxc6 bxc6 9. Bd3 Be6 10. Nd2 Nf6 11. Nc4 Nd7 12. Be3 Be7 13. 0-0-0 0-0 14. Na5 Bd5 15. f3 Bd8 16. Nc4 Bc7 17. Rhe1 Rfd8 18. Bf2 f6 19. a3 Kf7 20. Nd2 Bb6 21. Bxb6 axb6 22. Ne4 Nf8 23. c4 Be6 24. Bf1 Ke7 25. Rxd8 Rxd8 26. Rd1 Rxd1+ 27. Kxd1 Bf5 28. Bd3 Bxe4 29. Bxe4 Kd6 30. b4 g6 31. Kd2 Ne6 32. Ke3 Nd4 33. f4 f5 34. Bd3 Ne6 35. g3 h6 36. h3 h5 37. fxe5+ Kxe5 38. Be2 c5 39. bxc5 Nxc5 1-0

[Event "RUS-ch Rapid"]
[Site "Sochi"]
[Date "2024.10.16"]
[Round "8"]
[White "Pingin, Artem"]
[Black "Matlakov, Maxim"]
[Result "1/2-1/2"]
[WhiteElo "2455"]
[BlackElo "2636"]
[PlyCount "54"]
[EventDate "2024.10.15"]
[EventType "swiss (rapid)"]
[EventRounds "11"]
[EventCountry "RUS"]
[SourceTitle "CB43_2024"]
[Source "Chessbase"]
[SourceDate "2024.10.23"]
[SourceVersion "1"]
[SourceVersionDate "2024.10.23"]
[SourceQuality "1"]

1. e4 e5 2. Nf3 Nc6 3. Bb5 a6 4. Ba4 d6 5. 0-0 Bd7 6. d4 Nxd4 7. Bxd7+ Qxd7 8. Nxd4 exd4 9. Qxd4 Nf6 10. Nc3 Be7 11. Bf4 0-0 12. Rad1 Rad8 13. Rfe1 Rfe8 14. h3 h6 15. Qc4 b5 16. Qd3 b4 17. Nd5 Nxd5 18. exd5 Bf6 19. b3 Qb5 20. Bd2 Qxd3 21. cxd3 Rxe1+ 22. Rxe1 Rb8 23. Rc1 Rb7 24. Rc6 a5 25. Kf1 Kf8 26. Ke2 Bd8 27. Ke3 Bf6 1/2-1/2